LDR 00648naa#a2200181#i#450# 001 EN\\bibl\122565 005 20260601160431.1 011 ## _a2304-9707 100 ## _a20260519b2026####ek#y0engy0150####ca 101 0# _aRUS 102 ## _aRU 200 1# _aClinical and psychological determinants and typological characteristics of dependence on electronic nicotine delivery systems in young people _eJournal article 210 1# _aMoscow _cPublishing house "Logos Press" _d2026 215 ## _a6 с. 608 ## _aJournal article _2local 686 ## _aКлиническая медицина. 76.29 _2grnti 700 #1 _aSverdlova _gAnna Ivanovna 856 4# _alogospress.editorum.ru _u